Roland Garros 2025 - Tennis - Statistiques

Statistiques générales
  • Ce quiz a été pris 2 006 fois
    1 067 depuis la dernière actualisation
  • Le résultat moyen est 13 sur 16
Statistiques - réponses
Réponse % Correct
Carlos Alcaraz
99%
Jannik Sinner
99%
Novak Djokovic
98%
Alexander Zverev
95%
Lorenzo Musetti
91%
Aryna Sabalenka
90%
Loïs Boisson
90%
Alexander Bublik
87%
Coco Gauff
87%
Iga Swiatek
87%
Frances Tiafoe
78%
Elina Svitolina
74%
Tommy Paul
73%
Mirra Andreeva
72%
Qinwen Zheng
64%
Madison Keys
55%
Aucun quiz correspondant
Distribution des résultats
% des personnes avec chaque résultat
Percentile par nombre de réponses
Votre historique - résultats
Vous n’avez pas pris ce quiz depuis la dernière actualisation